000 00417nam a22001697a 4500
005 20180719163823.0
008 160527b xxu||||| |||| 00| 0 eng d
020 _a81-7660-084-9
041 _aeng
082 _b5562
_a658.15244
100 _aBanerjee, R.P.
_9788
245 _aWorking Capital Management
260 _aNew Delhi
_bAcademic Faundation
300 _a263p,
650 _aManagement
_9241
942 _cBK
999 _c1979
_d1978